Convenios entre Chile y Argentina de 1960

Αποθηκεύτηκε σε:
Λεπτομέρειες βιβλιογραφικής εγγραφής
Κύριος συγγραφέας: Vio Valdivieso, Fabio (Συγγραφέας)
Μορφή: Βιβλίο
Γλώσσα:Ισπανικά
Έκδοση: Santiago Del Pacífico 1960
Θέματα:
Ετικέτες: Προσθήκη ετικέτας
Δεν υπάρχουν, Καταχωρήστε ετικέτα πρώτοι!

MARC

LEADER 00000cam a2200000 a 4500
001 UCH6777
003 CL-VaPUC
008 091109e19600000CL |||||||||||||||||spa|d
082 0 4 |a 327.83  |b VIO  |2 21 
100 0 |a Vio Valdivieso, Fabio  |e author  |9 543377 
245 1 0 |a Convenios entre Chile y Argentina de 1960 
300 |a 82 p 
942 |c BK 
945 |d 20091109 00:00:00  |a ccalabra 
260 |a Santiago  |b Del Pacífico  |c 1960 
650 0 |a Ciencias sociales   |9 256351 
650 0 |a Historia de Chile  |9 265473 
650 0 |a Historia de Argentina  |9 319851 
650 0 |a Relaciones Internacionales  |9 255740 
650 0 |a Ciencias Políticas  |9 255201 
650 0 |a Política exterior   |9 316628 
651 7 |a CHILE  |2 CL-VaPUC  |9 543378 
651 0 |a Argentina  |9 254888 
583 |a last modification  |c 20190808 04:50:27  |k Rodrigo Vera 
999 |c 337603  |d 337601 
952 |0 0  |1 0  |3 erb  |4 0  |6 327_830000000000000_VIO_1960  |7 0  |8 X  |9 430173  |a FDOBUD  |b FDOBUD  |i 5542065  |o 327.83 VIO 1960  |p 5542065  |r 2019-11-22  |w 2019-11-22  |y BK_X  |z Catalogado en:20190409  |k BUD